[Event "Hessen-ch Seniors op 09th"]
[Site "Bad Sooden-Allendorf"]
[Date "2013.04.27"]
[Round "8"]
[White "Ditmas, Hugh"]
[Black "Jauch, Dieter"]
[Result "1-0"]
[WhiteElo "1970"]
[BlackElo "1950"]
[PlyCount "47"]
[EventDate "2013.04.20"]
[EventType "swiss"]
[EventRounds "9"]
[EventCountry "GER"]
[SourceTitle "EXT 2019"]
[Source "ChessBase"]
[SourceDate "2018.10.10"]
[SourceVersion "1"]
[SourceVersionDate "2018.10.10"]
[SourceQuality "1"]

1. d4 f5 2. Nc3 d6 3. e4 fxe4 4. Nxe4 Nf6 5. Nxf6+ exf6 6. Bd3 Be7 7. Ne2 Bd7 8. 0-0 d5 9. Re1 Bd6 10. Ng3+ Kf8 11. Nf5 Bxf5 12. Bxf5 c6 13. Qf3 Na6 14. Bf4 Bxf4 15. Qxf4 Qc7 16. Qe3 Qd6 17. Re2 Nc7 18. Rae1 Rd8 19. c3 b6 20. Qe7+ Qxe7 21. Rxe7 Nb5 22. Bd7 Nd6 23. Bxc6 Ne4 24. Rxa7 1-0

[Event "MVP-ch Seniors op 11th"]
[Site "Binz"]
[Date "2011.12.01"]
[Round "2.13"]
[White "Jauch, Dieter"]
[Black "Neese, Hans Joachim"]
[Result "0-1"]
[WhiteElo "1786"]
[BlackElo "2059"]
[PlyCount "66"]
[EventDate "2011.11.30"]
[EventType "swiss"]
[EventRounds "9"]
[EventCountry "GER"]
[SourceTitle "EXT 2013"]
[Source "ChessBase"]
[SourceDate "2012.11.22"]
[SourceVersion "1"]
[SourceVersionDate "2012.11.22"]
[SourceQuality "1"]

1. d4 d5 2. Nf3 Nf6 3. e3 Bg4 4. h3 Bh5 5. g4 Bg6 6. Nh4 c6 7. Nxg6 hxg6 8. Bg2 Nbd7 9. f4 e6 10. Nd2 Bd6 11. Qf3 Ng8 12. Qf2 Be7 13. 0-0 Nb6 14. c3 Bd6 15. e4 Ne7 16. e5 Bc7 17. b3 Qd7 18. a4 a5 19. Ba3 Bd8 20. Rad1 Nec8 21. Bc5 Be7 22. f5 gxf5 23. gxf5 exf5 24. Qxf5 Qxf5 25. Rxf5 Bxc5 26. dxc5 Nd7 27. Rdf1 0-0 28. c4 Ne7 29. Rh5 Nxc5 30. cxd5 cxd5 31. Rf4 Rad8 32. Nf3 g6 33. Rg5 Ne6 0-1

[Event "Schleswig Holstein-ch Seniors"]
[Site "Germany"]
[Date "2009.??.??"]
[Round "5"]
[White "Jauch, Dieter"]
[Black "Schirmer, Werner"]
[Result "1/2-1/2"]
[WhiteElo "1935"]
[BlackElo "2085"]
[PlyCount "73"]
[EventDate "2009.??.??"]
[EventType "swiss"]
[EventRounds "7"]
[EventCountry "GER"]
[SourceTitle "EXT 2011"]
[Source "ChessBase"]
[SourceDate "2010.11.26"]
[SourceVersion "1"]
[SourceVersionDate "2010.11.26"]
[SourceQuality "1"]

1. d4 Nf6 2. Nf3 g6 3. g3 Bg7 4. Bg2 0-0 5. 0-0 d6 6. c4 Nc6 7. Nc3 a6 8. h3 Rb8 9. Be3 b5 10. cxb5 axb5 11. Nd2 Bd7 12. Nb3 Qc8 13. Qc1 Qa6 14. g4 b4 15. Nd5 Nxd5 16. Bxd5 Qb6 17. Rd1 Na5 18. Rd2 c6 19. Bf3 Nxb3 20. axb3 Ra8 21. Rxa8 Rxa8 22. Kg2 Rc8 23. Qd1 Qa6 24. Bg5 f6 25. Bf4 f5 26. g5 Be8 27. e4 fxe4 28. Bxe4 Bf7 29. Be3 Qa5 30. Qg4 Rf8 31. Qd7 Bxb3 32. Qxe7 Bd5 33. f3 Bxe4 34. fxe4 Qb5 35. Qe6+ Kh8 36. Rf2 Qb8 37. Qd7 1/2-1/2